000 01112nam a2200301 a 4500
001 000026887
003 DO-SdBNP
005 20260511120044.0
007 ta
008 110328s1993 dr ac 000 0dspa d
040 _aDO-SdBNP
_bspa
_cBNPHU
049 _aBNPD
082 4 _a972.93053
_bG277e, 1993
_222
100 1 _aGautier de Álvarez, Josefina,
_d1929-
_953998
245 1 0 _aEscondido :
_bmi 30 de mayo /
_cJosefina Gautier de Álvarez.
250 _a2ª ed.
260 _aSanto Domingo :
_bTaller,
_c1993.
300 _a165 p. :
_bilustraciones ;
_c25 cm.
500 _aIncluye datos biográficos de la autora en la solapa de la cubierta.
590 _aInventariado, 2023/BT
600 1 4 _aTrujillo Molina, Rafael Leónidas,
_d1891-1961
_xMuerte
_910869
600 1 4 _aAmiama Tió, Luis,
_d1915-1980
_953999
650 4 _aDelitos contra jefes de estado
_944033
650 4 _aPersecuciones políticas
_xRepública dominicana
_944738
651 4 _aRepública Dominicana
_xHistoria
_yEra de Trujillo 1930-1961
_xRelatos Personales
_929001
910 _aValidado. Control de calidad EMS
942 _2ddc
_cLBS1
999 _c26379
_d26379